[Event "American op 37th"]
[Site "Los Angeles"]
[Date "2001.11.24"]
[Round "5"]
[White "Krechetov, Alexandr"]
[Black "Grijalva, Ricky"]
[Result "1/2-1/2"]
[WhiteElo "2300"]
[BlackElo "2110"]
[PlyCount "96"]
[EventDate "2001.11.22"]
[EventType "swiss"]
[EventRounds "8"]
[EventCountry "USA"]
[SourceTitle "CBM 085 Extra"]
[Source "ChessBase"]
[SourceDate "2002.01.21"]
[SourceVersion "1"]
[SourceVersionDate "2002.01.21"]
[SourceQuality "1"]

1. d4 d5 2. c4 c6 3. Nf3 Nf6 4. Nc3 e6 5. e3 Nbd7 6. Qc2 Bd6 7. b3 0-0 8. Be2 Qe7 9. 0-0 b6 10. e4 dxe4 11. Nxe4 Nxe4 12. Qxe4 Nf6 13. Qh4 h6 14. Bd3 Ne8 15. Qxe7 Bxe7 16. Ne5 c5 17. Be4 Rb8 18. Nc6 Rb7 19. Nxe7+ Rxe7 20. dxc5 bxc5 21. Be3 Rc7 22. Bf4 Re7 23. Rad1 Bb7 24. Bxb7 Rxb7 25. Rd8 Nf6 26. Rxf8+ Kxf8 27. Bd6+ Ke8 28. Bxc5 Rd7 29. h3 Rd2 30. Bxa7 Rxa2 31. Bd4 Rd2 32. Be5 Re2 33. Ba1 Rc2 34. Rd1 Ke7 35. Bd4 g6 36. Bc5+ Ke8 37. Ra1 Ne4 38. Ra8+ Kd7 39. Ra7+ Kc6 40. Bd4 Nd2 41. h4 Nxb3 42. Be3 Rxc4 43. Rxf7 Rxh4 44. g3 Rh5 45. g4 Re5 46. Rf6 g5 47. Rxh6 Re4 48. Kf1 Kd6 1/2-1/2

[Event "American op 37th"]
[Site "Los Angeles"]
[Date "2001.11.23"]
[Round "4"]
[White "Grijalva, Ricky"]
[Black "Small, Gregg"]
[Result "1-0"]
[WhiteElo "2110"]
[BlackElo "2258"]
[PlyCount "75"]
[EventDate "2001.11.22"]
[EventType "swiss"]
[EventRounds "8"]
[EventCountry "USA"]
[SourceTitle "CBM 085 Extra"]
[Source "ChessBase"]
[SourceDate "2002.01.21"]
[SourceVersion "1"]
[SourceVersionDate "2002.01.21"]
[SourceQuality "1"]

1. e4 c5 2. Nf3 a6 3. c4 e6 4. Nc3 d6 5. d4 cxd4 6. Nxd4 Nf6 7. Bd3 Be7 8. 0-0 0-0 9. Kh1 Re8 10. f4 Nbd7 11. Qf3 Qc7 12. Qg3 b6 13. Nf3 Nc5 14. Bc2 Bb7 15. Ng5 h6 16. Nxf7 Kxf7 17. e5 Nfe4 18. Qg4 Kg8 19. Qg6 Qc6 20. Be3 d5 21. Bd4 Bf8 22. Rae1 Qd7 23. cxd5 exd5 24. f5 Qf7 25. Qxb6 Rab8 26. Qa5 Nxc3 27. bxc3 Ne4 28. Rxe4 Bc6 29. Ree1 Bb5 30. Rf3 Bc4 31. Bb3 Bxb3 32. axb3 Rxb3 33. Qxa6 Reb8 34. Qg6 Qc7 35. e6 Rb1 36. Rff1 Qc4 37. Kg1 Qd3 38. e7 1-0

[Event "San Francisco FIDE August"]
[Site "San Francisco"]
[Date "2001.08.25"]
[Round "2"]
[White "Grijalva, Ricky"]
[Black "Wong, Russell"]
[Result "0-1"]
[WhiteElo "2110"]
[BlackElo "2124"]
[PlyCount "54"]
[EventDate "2001.08.11"]
[EventType "tourn"]
[EventRounds "9"]
[EventCountry "USA"]
[SourceTitle "EXT 2007"]
[Source "ChessBase"]
[SourceDate "2006.11.23"]
[SourceVersion "1"]
[SourceVersionDate "2006.11.23"]
[SourceQuality "1"]

1. e4 c5 2. Nf3 Nc6 3. d4 cxd4 4. Nxd4 e5 5. Nb5 d6 6. N1c3 Nf6 7. Bg5 a6 8. Na3 b5 9. Nd5 Be7 10. Bxf6 Bxf6 11. c3 0-0 12. h4 h6 13. g3 g6 14. Nc2 Bg7 15. Nce3 Be6 16. a4 bxa4 17. Rxa4 a5 18. h5 Rb8 19. b3 f5 20. hxg6 f4 21. Ng4 Qg5 22. Bc4 Kh8 23. gxf4 exf4 24. Rg1 h5 25. f3 hxg4 26. Rxa5 Nxa5 27. Rh1+ Kg8 0-1

[Event "San Francisco FIDE August"]
[Site "San Francisco"]
[Date "2001.08.13"]
[Round "3"]
[White "Morkunaite, Egle"]
[Black "Grijalva, Ricky"]
[Result "1/2-1/2"]
[WhiteElo "2089"]
[BlackElo "2110"]
[PlyCount "138"]
[EventDate "2001.08.11"]
[EventType "tourn"]
[EventRounds "9"]
[EventCountry "USA"]
[SourceTitle "EXT 2007"]
[Source "ChessBase"]
[SourceDate "2006.11.23"]
[SourceVersion "1"]
[SourceVersionDate "2006.11.23"]
[SourceQuality "1"]

1. e4 e6 2. d4 d5 3. Nd2 Nf6 4. e5 Nfd7 5. Bd3 c5 6. c3 Nc6 7. Ne2 Qb6 8. Nf3 cxd4 9. cxd4 f6 10. exf6 Nxf6 11. 0-0 Bd6 12. Bf4 Bxf4 13. Nxf4 Qxb2 14. Re1 0-0 15. Nxe6 Bxe6 16. Rxe6 Rae8 17. Bf5 Ne4 18. Bxe4 dxe4 19. Rxe8 Rxe8 20. d5 exf3 21. dxc6 bxc6 22. Qb3+ Qxb3 23. axb3 Rb8 24. Rxa7 Rxb3 25. gxf3 Rxf3 26. Rc7 Rc3 27. Kg2 c5 28. h4 c4 29. Kh2 Rc1 30. Kg2 c3 31. Kg3 c2 32. Kg2 h5 33. Kh2 Kh7 34. Rc6 Kg8 35. Rc7 Kf8 36. Kg2 Ke8 37. Kh2 Kd8 38. Rc3 Kd7 39. Kg2 Kd6 40. Rc8 Ke5 41. Re8+ Kf4 42. Rc8 g5 43. Rc4+ Ke5 44. hxg5 h4 45. f4+ Kf5 46. Rc5+ Kg6 47. Rc6+ Kg7 48. Rc3 h3+ 49. Kh2 Rf1 50. Rxc2 Rxf4 51. Kxh3 Ra4 52. Rc6 Kg8 53. Rc7 Ra6 54. Kg4 Rb6 55. Kf5 Ra6 56. Kg4 Rb6 57. Kh5 Ra6 58. Re7 Rb6 59. g6 Rb1 60. Re5 Rh1+ 61. Kg5 Rg1+ 62. Kf6 Rf1+ 63. Rf5 Rg1 64. Rf2 Rg3 65. Rf4 Rg1 66. Rf5 Rg2 67. Rg5 Rxg5 68. Kxg5 Kg7 69. Kf5 Kg8 1/2-1/2

[Event "San Francisco FIDE August"]
[Site "San Francisco"]
[Date "2001.??.??"]
[Round "4"]
[White "Grijalva, Ricky"]
[Black "Ho, Matthew"]
[Result "0-1"]
[WhiteElo "2110"]
[BlackElo "2050"]
[PlyCount "70"]
[EventDate "2001.08.11"]
[EventType "tourn"]
[EventRounds "9"]
[EventCountry "USA"]
[SourceTitle "EXT 2007"]
[Source "ChessBase"]
[SourceDate "2006.11.23"]
[SourceVersion "1"]
[SourceVersionDate "2006.11.23"]
[SourceQuality "1"]

1. e4 d5 2. d4 dxe4 3. Nc3 Nf6 4. f3 exf3 5. Qxf3 c6 6. Be3 Bg4 7. Qf2 e6 8. Bc4 Bb4 9. Nge2 Ne4 10. Qf4 Bxe2 11. Kxe2 Nxc3+ 12. bxc3 Bd6 13. Qg4 g6 14. Raf1 f5 15. Qf3 Qe7 16. Kf2 Nd7 17. Re1 0-0-0 18. Bf4 e5 19. dxe5 Nxe5 20. Bxe5 Bxe5 21. Qe3 Qh4+ 22. g3 Qxc4 23. Qxe5 Rd2+ 24. Kg1 Rhd8 25. h4 Rxc2 26. Rh2 Rxh2 27. Kxh2 Qxa2+ 28. Re2 Qd5 29. Qe7 Rd7 30. Qa3 a6 31. Qf8+ Kc7 32. Re8 Qd2+ 33. Kh3 Qxc3 34. Rb8 Kb6 35. Qc8 f4 0-1

[Event "Kurt Bendit Rating"]
[Site "San Francisco"]
[Date "2000.08.17"]
[Round "1"]
[White "Wong, Russell"]
[Black "Grijalva, Ricky"]
[Result "1-0"]
[WhiteElo "2101"]
[BlackElo "2138"]
[PlyCount "125"]
[EventDate "2000.08.17"]
[EventType "tourn"]
[EventRounds "9"]
[EventCountry "USA"]
[SourceTitle "EXT 2002"]
[Source "ChessBase"]
[SourceDate "2001.11.25"]
[SourceVersion "1"]
[SourceVersionDate "2001.11.25"]
[SourceQuality "1"]

1. e4 c5 2. Nf3 Nc6 3. d4 cxd4 4. Nxd4 g6 5. c4 Nf6 6. Nc3 d6 7. Be2 Nxd4 8. Qxd4 Bg7 9. Be3 0-0 10. Qd2 Bd7 11. 0-0 Qa5 12. Rac1 Rfc8 13. Rfd1 Bc6 14. f3 a6 15. a3 b5 16. cxb5 axb5 17. Nxb5 Qxd2 18. Rxd2 Nd7 19. Na7 Rxa7 20. Bxa7 Bh6 21. Rdc2 Ra8 22. Bf2 Bxc1 23. Rxc1 Ba4 24. Rc7 Kf8 25. b3 Bxb3 26. Rxd7 Rxa3 27. Ra7 Rxa7 28. Bxa7 e6 29. Kf2 d5 30. e5 Ba4 31. Ke3 Kg8 32. Bc5 Kg7 33. Be7 Kg8 34. Kd4 h6 35. Kc5 Bc2 36. Bb5 g5 37. Kd4 Kg7 38. Ke3 Bb1 39. Bf6+ Kg6 40. Be8 Bc2 41. Kd4 Bb1 42. g4 Bc2 43. Bb5 h5 44. Kc3 Bd1 45. Bd3+ Kh6 46. f4 hxg4 47. Bxg5+ Kh5 48. Kd2 Bf3 49. Ke1 g3 50. hxg3 Kg4 51. Kf2 Bd1 52. Bb5 Bc2 53. Be2+ Kh3 54. Bh4 Kh2 55. Bf1 Be4 56. g4 d4 57. Bg3+ Kh1 58. f5 d3 59. Bf4 d2 60. Bxd2 Kh2 61. Bf4+ Kh1 62. fxe6 fxe6 63. g5 1-0

[Event "Oz.com qual blitz"]
[Site "ICC INT"]
[Date "2000.03.05"]
[Round "3"]
[White "Bjarnason, Saevar"]
[Black "Grijalva, Ricky"]
[Result "1-0"]
[WhiteElo "2305"]
[BlackElo "2104"]
[PlyCount "65"]
[EventDate "2000.03.05"]
[EventType "swiss (blitz)"]
[EventRounds "9"]
[EventCountry "USA"]
[SourceTitle "EXT 2001"]
[Source "ChessBase"]
[SourceDate "2000.11.22"]
[SourceVersion "1"]
[SourceVersionDate "2000.11.22"]
[SourceQuality "1"]

1. e4 c5 2. Nf3 Nc6 3. d4 cxd4 4. Nxd4 g6 5. Nc3 Bg7 6. Be3 Nf6 7. Be2 0-0 8. 0-0 d5 9. exd5 Nxd5 10. Nxc6 bxc6 11. Bd4 Nxc3 12. bxc3 Be6 13. Bf3 Qc7 14. Bxg7 Kxg7 15. Qd4+ Kg8 16. h4 Rfd8 17. Qc5 Bd5 18. Qe3 Bxf3 19. Qxf3 Kg7 20. Rfd1 Rab8 21. Rd4 Rb2 22. Qd3 Rdb8 23. g3 c5 24. Rd5 e6 25. Rd7 Qc6 26. Rf1 Rb1 27. c4 Rxf1+ 28. Kxf1 Qh1+ 29. Ke2 Rb1 30. Qc3+ Kh6 31. Qe3+ Kg7 32. Qe5+ Kh6 33. Qf4+ 1-0

[Event "Oz.com qual blitz"]
[Site "ICC INT"]
[Date "2000.03.05"]
[Round "5"]
[White "Grijalva, Ricky"]
[Black "Herder, David A"]
[Result "0-1"]
[WhiteElo "2104"]
[BlackElo "2263"]
[PlyCount "42"]
[EventDate "2000.03.05"]
[EventType "swiss (blitz)"]
[EventRounds "9"]
[EventCountry "USA"]
[SourceTitle "EXT 2001"]
[Source "ChessBase"]
[SourceDate "2000.11.22"]
[SourceVersion "1"]
[SourceVersionDate "2000.11.22"]
[SourceQuality "1"]

1. e4 c6 2. d4 d5 3. Nc3 g6 4. h3 Nh6 5. Nf3 f6 6. Bf4 Bg7 7. e5 Nf7 8. exf6 exf6 9. Bd3 0-0 10. 0-0 Nd6 11. Re1 Na6 12. a3 Nc7 13. Qd2 Ne6 14. Bh6 Nf7 15. Bxg7 Nxg7 16. Re2 Bf5 17. Rae1 Qd6 18. Bxf5 Nxf5 19. g4 Ng7 20. Re7 b5 21. Ne2 Qxe7 0-1

[Event "Falconer Rating"]
[Site "San Francisco"]
[Date "1999.10.03"]
[Round "5"]
[White "Blohm, David"]
[Black "Grijalva, Ricky"]
[Result "1/2-1/2"]
[WhiteElo "2198"]
[BlackElo "2058"]
[PlyCount "59"]
[EventDate "1999.04.??"]
[EventType "swiss"]
[EventRounds "9"]
[EventCountry "USA"]
[SourceTitle "EXT 2002"]
[Source "ChessBase"]
[SourceDate "2001.11.25"]
[SourceVersion "1"]
[SourceVersionDate "2001.11.25"]
[SourceQuality "1"]

1. e4 c5 2. Nf3 Nc6 3. d4 cxd4 4. Nxd4 g6 5. Nc3 Bg7 6. Be3 Nf6 7. Nb3 0-0 8. f4 d6 9. Be2 b6 10. 0-0 Qc7 11. Qd2 Bb7 12. Nd5 Nxd5 13. exd5 Na5 14. Nxa5 bxa5 15. c3 a4 16. a3 Qa5 17. Rad1 Ba6 18. Rfe1 Rab8 19. Bxa6 Qxa6 20. Qf2 Rb7 21. Bc1 Bf6 22. Re4 Rc8 23. g4 Rc5 24. g5 Bg7 25. f5 Qb5 26. fxg6 hxg6 27. Rf1 Qe8 28. c4 Rc8 29. Rf4 e5 30. Re4 1/2-1/2

[Event "Falconer Rating"]
[Site "San Francisco"]
[Date "1999.10.03"]
[Round "4"]
[White "Kaugars, Agnis"]
[Black "Grijalva, Ricky"]
[Result "0-1"]
[WhiteElo "2147"]
[BlackElo "2058"]
[PlyCount "54"]
[EventDate "1999.04.??"]
[EventType "swiss"]
[EventRounds "9"]
[EventCountry "USA"]
[SourceTitle "EXT 2002"]
[Source "ChessBase"]
[SourceDate "2001.11.25"]
[SourceVersion "1"]
[SourceVersionDate "2001.11.25"]
[SourceQuality "1"]

1. e4 c5 2. Nc3 Nc6 3. f4 g6 4. Nf3 Bg7 5. Bb5 Nd4 6. Bd3 d6 7. Nxd4 cxd4 8. Ne2 Nf6 9. c3 dxc3 10. bxc3 0-0 11. Bc2 Qa5 12. 0-0 b5 13. Qe1 b4 14. Bb2 Bb7 15. d3 bxc3 16. Qxc3 Qh5 17. Rf3 Rfc8 18. Qb4 Rab8 19. Ng3 Qh4 20. Qa4 Bxe4 21. Nxe4 Rxb2 22. Bb3 Nxe4 23. Qd7 Rf8 24. dxe4 Rxb3 25. axb3 Bxa1 26. g3 Qf6 27. Qxa7 Bd4+ 0-1